Learning the law / (Record no. 3798)

MARC details
000 -LEADER
fixed length control field 00610cam a22002052 4500
001 - CONTROL NUMBER
control field 0000018727
005 - DATE AND TIME OF LATEST TRANSACTION
control field 20151217145907.0
008 - FIXED-LENGTH DATA ELEMENTS--GENERAL INFORMATION
fixed length control field 100610s xx 000 0 eng d
020 ## - INTERNATIONAL STANDARD BOOK NUMBER
International Standard Book Number 8175340060 :
040 ## - CATALOGING SOURCE
Original cataloging agency KABU
Transcribing agency KABU
100 1# - MAIN ENTRY--PERSONAL NAME
Personal name Williams, Glanville.
-- 0000178068
245 10 - TITLE STATEMENT
Title Learning the law /
Statement of responsibility, etc. by Glanville Williams.
250 ## - EDITION STATEMENT
Edition statement 11th ed.
260 ## - PUBLICATION, DISTRIBUTION, ETC. (IMPRINT)
Place of publication, distribution, etc. Delhi :
Name of publisher, distributor, etc. Universal Law,
Date of publication, distribution, etc. 1982.
300 ## - PHYSICAL DESCRIPTION
Extent viii, 241 p.
650 #0 - SUBJECT ADDED ENTRY--TOPICAL TERM
Topical term or geographic name as entry element Law
General subdivision Study and teaching
Geographic subdivision Great Britain.
-- 0000158788
852 1# - LOCATION
-- p810 KES
908 ## - PUT COMMAND PARAMETER (RLIN)
Put command parameter 100610
950 ## - LOCAL HOLDINGS (RLIN)
-- 1
Holdings
Withdrawn status Lost status Source of classification or shelving scheme Not for loan Home library Current library Date acquired Total Checkouts Full call number Barcode Date last seen Price effective from Koha item type
    Library of Congress Classification   Kabarak, Main Campus Kabarak, Main Campus 17/12/2015   KD442 .W55 1982 c. 1 24978 17/12/2015 17/12/2015 General Collection
Designed with assistance from East African Informatics Ltd